Statistics for US Cities That Start With C

Click here to take the quiz!

General Stats

  • This quiz has been taken 98 times
    (65 since last reset)
  • The average score is 6 of 10

Answer Stats

Population City % Correct
2,704,958Chicago
100%
860,090Columbus
84%
298,800Cincinnati
82%
842,051Charlotte
80%
385,809Cleveland
80%
465,101Colorado Springs
53%
325,733Corpus Christi
39%
267,172Chula Vista
31%
247,477Chandler
25%
237,940Chesapeake
16%

Score Distribution

Percentile by Number Answered

Percent of People with Each Score

Your Score History

You have not taken this quiz since the last reset